| 000 | 00484nam a2200157 a 4500 | ||
|---|---|---|---|
| 001 | 0189 | ||
| 005 | 20140414131948.0 | ||
| 008 | 040813s19uu xx 00 eng d | ||
| 020 | _a1-57110-227-2 | ||
| 050 |
_aTR 372.634 _bHa233 2000 |
||
| 245 |
_aHandwriting skills simplified, level C : _bLearning cursive writing. |
||
| 260 |
_aColumbus, Ohio : _bEssential Learning Products, _c2000. |
||
| 300 | _a64 p. : ill. ; cm. | ||
| 650 |
_aPenmanship _xStudy and teaching. |
||
| 999 |
_c112722 _d112722 |
||